000 00728cam a22002292 4500
001 0000019379
005 20151021151133.0
008 101112s xx 000 0 eng d
020 _a0324784287 :
040 _aKABU
_cKABU
100 1 _aGramling, Audrey A.
_@0000179081
245 1 0 _aAuditing /
_cAudrey A. Gramling, Larry E. Rittenberg, Karla M. Johnstone.
250 _a7th ed.
260 _aMason, OH :
_bSouth-Western,
_c2010.
300 _axvi, 942 p. +
_e1 CD-ROM.
650 0 _aAuditing.
_@0000151729
700 1 _aRittenberg, Larry E.
_@0000179082
700 1 _aJohnstone, Karla M.
_@0000179083
852 1 _9p5850 KES
908 _a101112
950 _@1
999 _c1074
_d1074